| 000 | 01200nam a2200301 a 4500 | ||
|---|---|---|---|
| 001 | 000115645 | ||
| 003 | CHAP | ||
| 005 | 20220329144543.0 | ||
| 008 | 190618s2018 mx a |sm |||||||spa d | ||
| 010 | _a112106 | ||
| 011 | _a113078 | ||
| 040 | _cCHAP | ||
| 090 | _aTesis | ||
| 100 | 1 |
_aLópez Córdova, Edna Andrea. _9136155 |
|
| 245 | 1 | 0 |
_aGobernanza ambiental en la reserva de la biósfera Zicuirán-Infiernillo: _h[En línea] _bparticipación social en la gestión del territorio, Municipio de la Huacana, Michoacán / _cpor Edna Andrea López Córdova. |
| 260 |
_aChapingo, Méx. : _bEl autor, _c2018. |
||
| 500 | _aPara ver el contenido del material haga clic en la liga | ||
| 502 | _aTesis (M.C. en Desarrollo Rural Regional) -- UACH. Dirección de Centros Regionales Universitarios | ||
| 590 |
_aBATCH-UPD _b05 _c20190618 _lUCH01 _h1129 |
||
| 590 |
_aE6339RRR _b05 _c20190618 _lUCH01 _h1128 |
||
| 590 |
_aE6339RRR _b05 _c20190618 _lUCH01 _h1128 |
||
| 650 | 1 | 4 |
_aMedio ambiente _xConservación. _974068 |
| 650 | 1 | 4 |
_aRecursos naturales _xAdministración. _995175 |
| 856 |
_aFinding aid _uhttp://10.13.5.2/tesis/sist115645.pdf _zTeclea aquí |
||
| 901 | _aBK | ||
| 942 | _cTESIS | ||
| 942 | _n0 | ||
| 999 |
_c112106 _d112106 |
||